000 00431nam a22001697a 4500
003 NUST - PNEC
005 20170116181012.0
008 150913b xxu||||| |||| 00| 0 eng d
020 _a083060409X
040 _cLIBRARY
082 _a621.38173 MAR
100 _910248
_aMarks, Myles H.
245 _aBasic integrated circuits
_cMyles H. Marks
260 _cc.1986
650 _910251
_aIntegrated circuits
_xEE
942 _2ddc
_cBK
999 _c67134
_d67134